| 000 | 00346nam a22001217a 4500 | ||
|---|---|---|---|
| 082 | _a629.2506 KHA'A | ||
| 100 |
_aKHAN, M. AKHTAR _975115 |
||
| 245 | _aREPAIR OF AUTO DIESEL ENGINE A COMPREHANSIVE BOOK ON DIESEL ENGINE | ||
| 260 |
_aLAHORE _bMALIK BOOK DEPOT _c1980 |
||
| 300 | _a240P | ||
| 650 |
_aAUTO DIESEL ENGINE REPAIR _975116 |
||
| 942 | _cBK | ||
| 999 |
_c580598 _d580598 |
||